Das Recht und die Bslicht die Czechen und Slovenen zu germanisiren

Bibliographic Details
Main Author: Kathowsky, Mathias (Author)
Format: Book
Language:English
PhysicalDescription:52 s.
Published: Wien Alfred Hőlder 1890

MARC

LEADER 00000nam a2200000 a 4500
001 vtls008640275
003 SK-MaSNL
005 20260301021626.0
008 240315 000 0 eng
040 |a SNK  |b slo  |c SNK  |e AACR2 
100 1 |a Kathowsky, Mathias  |4 aut  |9 310899 
245 1 4 |a Das Recht und die Bslicht die Czechen und Slovenen zu germanisiren 
260 |a Wien  |b Alfred Hőlder  |c 1890 
300 |a 52 s. 
999 |c 565749  |d 567679 
952 |a SNK  |b SNK  |y PREZ  |7 0  |p 17A0504332  |o snkSD 13234  |i snk1496/57  |3 rekatalogizácia  |0 0  |1 0  |4 0  |d 2006-03-29  |l 0  |r 2025-11-26 00:00:00  |w 2026-02-23